[Event "IND-ch 59th"]
[Site "New Delhi"]
[Date "2022.12.27"]
[Round "6"]
[White "Vikash, Nishad"]
[Black "Vivaan, Vishal Shah"]
[Result "0-1"]
[WhiteElo "1642"]
[BlackElo "1873"]
[PlyCount "78"]
[EventDate "2022.12.22"]
[EventType "swiss"]
[EventRounds "13"]
[EventCountry "IND"]
[SourceTitle "CBM 211 Extra"]
[Source "ChessBase"]
[SourceDate "2023.01.31"]
[SourceVersion "1"]
[SourceVersionDate "2023.01.31"]
[SourceQuality "1"]

1. e4 c5 2. Nf3 d6 3. d4 cxd4 4. Nxd4 Nf6 5. Nc3 g6 6. Be3 Bg7 7. f3 0-0 8. Qd2 Nc6 9. 0-0-0 d5 10. Qe1 e5 11. Nxc6 bxc6 12. exd5 Nxd5 13. Bc5 Bh6+ 14. Kb1 Nxc3+ 15. bxc3 Rb8+ 16. Ka1 Qa5 17. Bb4 Qa4 18. Bc4 c5 19. Bb3 Qc6 20. Qxe5 Rxb4 21. Rd6 Qb7 22. Qxc5 Bg7 23. Rhd1 Rb6 24. Rd8 Rc6 25. Qa3 Qc7 26. Rxf8+ Bxf8 27. Qa4 Be6 28. Rd3 Rxc3 29. Kb2 Rxd3 30. cxd3 Bxb3 31. Kxb3 Qxh2 32. Qxa7 Qxg2 33. Qb7 h5 34. Qe4 g5 35. a4 h4 36. a5 h3 37. a6 h2 38. a7 h1Q 39. a8Q Qb1+ 0-1